000 00531nam a22001697a 4500
008 160808b xxu||||| |||| 00| 0 eng d
020 _a0201441330
050 _aHB 172.5.A24 2001
100 _aAbel, Andrew B.
_d2001
245 _aMacroeconomics /
_cAndrew B.Abel and Ben S. Bernanke
250 _a4th ed.
260 _aBoston;
_bAddison Wesley,
_c2001.
300 _axxvi, 630 p. :ill.
_bIncludes index.
650 _aMacroeconomics.
700 _aBernanke, Ben S.
942 _2lcc
_cBOOKS
_hHB 172.5.A24 2001
_02
999 _c12816
_d12816